LIBRARY & INFORMATION CENTRE, KCAET, TAVANUR

ONLINE PUBLIC ACCESS CATALOGUE (OPAC)

Normal view MARC view
  • Bender, Alfred

Entry Personal Name

Number of records used in: 1

001 - CONTROL NUMBER

  • control field: 5511

003 - CONTROL NUMBER IDENTIFIER

  • control field: OSt

005 - DATE AND TIME OF LATEST TRANSACTION

  • control field: 20230721160421.0

008 - FIXED-LENGTH DATA ELEMENTS

  • fixed length control field: 230721|| aca||aabn | a|a d

040 ## - CATALOGING SOURCE

  • Original cataloging agency: OSt
  • Transcribing agency: OSt

100 ## - HEADING--PERSONAL NAME

  • Personal name: Bender, Alfred

670 ## - SOURCE DATA FOUND

  • Source citation: Work cat.: (OSt)1461: Bender, Alfred ., Electron / , 1960.
free website counter